Central Library || Chittagong University

সমুদ্রবিজ্ঞান / (Record no. 102602)

MARC details
000 -LEADER
fixed length control field 00816nam a22002057a 4500
003 - CONTROL NUMBER IDENTIFIER
control field BD-ChCU
005 - DATE AND TIME OF LATEST TRANSACTION
control field 20230808112816.0
008 - FIXED-LENGTH DATA ELEMENTS--GENERAL INFORMATION
fixed length control field 230808b bg ||||| |||| 00| 0 ben d
020 ## - INTERNATIONAL STANDARD BOOK NUMBER
International Standard Book Number 98487270217
040 ## - CATALOGING SOURCE
Transcribing agency BD-ChCU
082 ## - DEWEY DECIMAL CLASSIFICATION NUMBER
Edition number 22
Classification number ৫৫১.৪৬ আল ৫৫ স
100 ## - MAIN ENTRY--PERSONAL NAME
Personal name আলম, মোঃ মনিরুল
9 (RLIN) 2367
245 ## - TITLE STATEMENT
Title সমুদ্রবিজ্ঞান /
Statement of responsibility, etc. মোঃ মনিরুল আলম ও মো. আমজাদ হোসেন
250 ## - EDITION STATEMENT
Edition statement ২ সং
260 ## - PUBLICATION, DISTRIBUTION, ETC.
Place of publication, distribution, etc. ঢাকা :
Name of publisher, distributor, etc. স্বজন প্রকাশনী,
Date of publication, distribution, etc. c২০১৫
300 ## - PHYSICAL DESCRIPTION
Extent ৩৬৪ পৃ. :
Dimensions 22 cm.
650 #0 - SUBJECT ADDED ENTRY--TOPICAL TERM
Topical term or geographic name entry element সমুদ্রবিজ্ঞান
9 (RLIN) 2370
700 ## - ADDED ENTRY--PERSONAL NAME
Personal name হোসেন, মো. আমজাদ
Relator term যুগ্ন লেখক
9 (RLIN) 2368
942 ## - ADDED ENTRY ELEMENTS (KOHA)
Source of classification or shelving scheme Dewey Decimal Classification
Koha item type Books
Suppress in OPAC No
Holdings
Withdrawn status Lost status Source of classification or shelving scheme Damaged status Not for loan Home library Current library Date acquired Source of acquisition Total Checkouts Full call number Barcode Date last seen Price effective from Koha item type
    Dewey Decimal Classification     Chittagong University Library Chittagong University Library 08/08/2023 Purchase   ৫৫১.৪৬ আল ৫৫ স 318319 08/08/2023 08/08/2023 Books
© Copyright 2026. Chittagong University Library, Installation and Maintenance by Prof. Dr. Md. Alamgir, 01711306253